आजच (आ. 2 री) (Record no. 642100)

MARC details
000 -LEADER
fixed length control field 00499nam a2200181Ia 4500
008 - FIXED-LENGTH DATA ELEMENTS--GENERAL INFORMATION
fixed length control field 100917s9999 xx 000 0 und d
082 ## - DEWEY DECIMAL CLASSIFICATION NUMBER
Item number 36706
100 ## - MAIN ENTRY--PERSONAL NAME
Personal name आपटे ह. ना.
245 ## - TITLE STATEMENT
Title आजच (आ. 2 री)
260 ## - PUBLICATION, DISTRIBUTION, ETC. (IMPRINT)
Name of publisher, distributor, etc द. वा. आंबेकर
Date of publication, distribution, etc 1965
300 ## - PHYSICAL DESCRIPTION
Extent 212
365 ## - TRADE PRICE
Price amount 2.25
520 ## - SUMMARY, ETC.
Summary, etc कादंबरी
630 ## - SUBJECT ADDED ENTRY--UNIFORM TITLE
Uniform title आजच (आ. 2 री)
650 ## - SUBJECT ADDED ENTRY--TOPICAL TERM
Topical term or geographic name as entry element कादंबरी
730 ## - ADDED ENTRY--UNIFORM TITLE
Uniform title आजच (आ. 2 री)
942 ## - ADDED ENTRY ELEMENTS (KOHA)
Koha item type Book
Holdings
Withdrawn status Lost status Damaged status Not for loan Home library Current library Shelving location Date acquired Cost, normal purchase price Total Checkouts Barcode Date last seen Price effective from Koha item type Public note
        Pune Marathi Grantha Sangrahalaya Pune Marathi Grantha Sangrahalaya   09/17/2010 2.25   PUNMGS-36706 09/17/2010 09/17/2010 Book देवघेव